000 00310nam a2200133Ia 4500
005 20251222144921.0
008 251222s9999||||xx |||||||||||||| ||spa||
020 _a9972-9995-9-9
082 _a869.57/C34Y
100 _aCastillo Fan, Jorge
245 0 _aYo Soy Aquel Espejo
264 _bZignos
942 _cLIB
999 _c22729
_d22729